| 000 | 00496nam a2200181 i 4500 | ||
|---|---|---|---|
| 001 | 80891 | ||
| 003 | ES-MaACL | ||
| 005 | 20230906174325.0 | ||
| 007 | t| | ||
| 008 | 041102q19001950fr ||||1| fre d | ||
| 080 | _a821.133.1-31"19" | ||
| 100 | 1 |
_aHouville, Gerard d'. _964366 |
|
| 245 | 1 | 3 |
_aLe temps d'aimer / _cGérard D'Houville. |
| 250 | _a[24em. ed.]. | ||
| 260 |
_aParis : _bCalmann-Lévy, _c[19--?] ( _eLagny : _fE. Grevin) |
||
| 300 |
_a351 p. ; _c18 cm. |
||
| 852 |
_aES-MaACL _jF-2875 |
||
| 999 |
_c80891 _d80891 |
||